Personnages Crash Bandicoot - Statistiques

Statistiques générales
  • Ce quiz a été pris 172 fois
    109 depuis la dernière actualisation
  • Le résultat moyen est 21 sur 75
Statistiques - réponses
1ère apparition Personnage % Correct
Crash Bandicoot Crash Bandicoot
97%
Crash Bandicoot N. Cortex
94%
Crash Bandicoot 2 Coco Bandicoot
86%
Crash Bandicoot 2 N. Gin
74%
Crash Bandicoot Aku Aku
73%
Crash Bandicoot 2 Tiny Tiger
73%
Crash Bandicoot 3 Dingodile
68%
Crash Bandicoot 3 Uka Uka
67%
Crash Bandicoot Papu Papu
65%
Crash Bandicoot 2 Polar
63%
Crash Bandicoot N. Brio
62%
Crash Bandicoot Pintripe Potoroo
60%
La Revanche de Cortex Crunch Bandicoot
58%
Crash Bandicoot 3 N. Tropy
56%
Crash Bandicoot 3 Pura
56%
Crash Bandicoot Ripper Roo
55%
Crash Bandicoot Koala Kong
51%
Crash Team Racing N. Oxide
50%
Crash Bandicoot 2 Komodo Joe
47%
Crash Team Racing Faux Crash
45%
Crash Twinsanity Nina Cortex
45%
Crash Bandicoot 2 Komodo Moe
42%
Crash Bandicoot Tawna
41%
Crash Team Racing Penta Pinguin
32%
Crash Bandicoot Fusion Spyro le Dragon
32%
Crash Nitro Kart Vrai Vélo
32%
N-Tranced N. Trance
31%
Crash Bash Rilla Roo
27%
Crash Nitro Kart Zem
23%
Crash Nitro Kart Nash
22%
Crash Nitro Kart Zam
22%
Crash Tag Team Racing Pasadena O'Possum
21%
Crash Bandicoot 3 T-Rex
21%
Crash Nitro Kart Big Norm
19%
Crash Nitro Kart Geary
19%
Crash Nitro Kart Norm
18%
Crash Tag Team Racing Ebeneezer Von Clutch
17%
Crash Team Racing Megumi
17%
La Revanche de Cortex Wa-Wa
17%
Crash Tag Team Racing Chick
15%
Crash Nitro Kart Krunk
15%
Crash XS Megamix
15%
La Revanche de Cortex Py-Ro
15%
Crash Twinsanity Victor
15%
Crash Team Racing Ami
14%
Crash Team Racing Liz
14%
Crash Tag Team Racing Stew
14%
Crash Tag Team Racing Willie Wumpa
14%
Crash Nitro Kart 2 Yaya Panda
14%
Crash Nitro Kart EmpereurVélo XXVII
13%
Crash Twinsanity Madame Amberley
13%
Crash Twinsanity Moritz
13%
Crash Twinsanity Crash Maléfique
12%
Crash Team Racing Isabella
12%
La Revanche de Cortex Lo-Lo
12%
La Revanche de Cortex Rok-Ko
12%
CTR Nitro-Fueled Hasty
10%
Crash Twinsanity Ernest Emu
9%
CTR Nitro-Fueled Roi Poulet
9%
CTR Nitro-Fueled Assistant de laboratoire
8%
Crash Bash Bearminator
8%
CTR Nitro-Fueled Bébé Coco
8%
CTR Nitro-Fueled Bébé Cortex
8%
CTR Nitro-Fueled Bébé Crash
8%
Crash Twinsanity Rusty Walrus
8%
Crash Bandicoot Sanglier
8%
Crash Twinsanity Tikimon
8%
CTR Nitro-Fueled Bébé Tropy
6%
Crash Boom Bang Vicompte
6%
CTR Nitro-Fueled Apo Apo
5%
CTR Nitro-Fueled Chasseur
5%
Crash of the Titans Arachnina
1%
Crash of the Titans Armydillo
1%
CTR Nitro-Fueled Gnasty Orc
1%
Crash of the Titans Yuktopus
1%
Aucun quiz correspondant
Distribution des résultats
% des personnes avec chaque résultat
Percentile par nombre de réponses
Votre historique - résultats
Vous n’avez pas pris ce quiz depuis la dernière actualisation